000 00416nam a2200157Ia 4500
005 20250225111055.0
008 231217s9999 xx 000 0 und d
020 _a9788120307490
082 _a001.6424UNI STE;25
100 _aStevens, W Richard.
245 0 _aUnix network programming
260 _c1990
_bPearson Education
_aNew Delhi
300 _axi+772
650 _aUnix,network,programming
942 _cAA
999 _c180330
_d180330